000 005040000a22001810004500
003 MACL
005 20160305141810.0
008 160305b xxu||||| |||| 00| 0 eng d
040 _aMACL
_cMACL
041 _aHindi
082 _a891.432
100 _aसुदर्शन मजीठिया
_941341
245 _aचौराहा
260 _bसन्‍मार्ग प्रकाशन
_aदिल्‍ली
350 _a15
650 _aDrama
_943110
942 _cHIN
_k891.432
_2ddc
999 _c28932
_d28932